000 01226cam a2200349 i 4500
001 18143237
003 EG-ScBUE
005 20250128111813.0
008 140507s2015 enka f b f001 0 eng d
020 _a9780198704577 (hbk.)
020 _a0198704577 (hbk.)
020 _a9780198704584 (pbk.)
020 _a0198704585 (pbk.)
040 _aUKMGB
_beng
_erda
_cUKMGB
_dOCLCO
_dCUD
_dYDXCP
_dOCLCF
_dLTSCA
_dDLC
_dEG-ScBUE
082 0 4 _a530.078
_bGLU
_222
100 1 _aGluck, Paul
_c(Lecturer)
_eauthor.
_938147
245 1 0 _aPhysics project lab /
_cPaul Gluck, Jerusalem College of Engineering, John King, Massachusetts Institute of Technology.
250 _aFirst edition.
264 1 _aOxford ;
_aNew York :
_bOxford University Press,
_c2015.
300 _aix, 317 pages :
_billustrations ;
_c26 cm
336 _2rdacontent
_atext
_btxt
337 _2rdamedia
_aunmediated
_bn
338 _2rdacarrier
_avolume
_bnc
504 _aIncludes bibliographical references and index.
650 7 _aPhysics projects.
_2BUEsh
650 7 _aPhysics
_xExperiments.
_2BUEsh
651 _2BUEsh
653 _bENGGEN
_cJune2015
_cAugust2015
655 _vReading book
700 1 _aKing, John,
_d1925-2014,
_eauthor.
942 _2ddc
_cBB
999 _c19518
_d19490